| 000 | 01516cam a22001934a 4500 | ||
|---|---|---|---|
| 005 | 20250605164140.0 | ||
| 008 | 250528s ||||||||||||||||||||||||d | ||
| 035 | _a18922 | ||
| 020 | _a9607609328 | ||
| 040 |
_aGR-AtMCL _bgre _dGR-AtMCL _eAACR2 |
||
| 245 | 1 | _aMichigan Proficiency - Preliminary Practice Tests / For the Michigan Certificate of Proficiency in English Examinations | |
| 260 |
_bNew Editions, _c1999 |
||
| 300 | _a168 | ||
| 520 | _aThis textbook contains 25 practice tests for the preliminary test of the University of Michigan Proficiency exam (ECPE). Preliminary Tests, Shades of Meaning (Shyness and Beauty and Mercy), At the Root of the Matter (Sen - Spec - Con), Subtle Differences (Spreading Out - Changing), The Long and the Short of It, Preposition and Phrasal Verb Round-up, Fearsome Foursomes, Good Things and Bad (Bene - Mal-), Ashes to Ashes - Dust to Dust, Time Out for Time, Preposition and Phrasal Verb Round-up, Impish and imp- Words, Liquid Language, Watery States and Stages, Quirky Quartets and Other Q-Words, Preposition and Phrasal Veb Round-up, The Pleasure Principle, Heredity: It Runs in the Family, Birds of a Feather and Other Animal Idioms, One Way or Another (Searching and Throwing), Preposition and Phrasal Verb Round-up, More Fearsome Foursome, Let There Be Light, Destructive Tendencies, A Planet is a Terrible Thing to Waste, Preposition and Phrasal Verb Round-up. | ||
| 700 | 1 |
_aFlanel Piniaris Diane _95210 |
|
| 942 | _cBK | ||
| 999 |
_c4223 _d4223 |
||